[Event "NZL-ch op 127th"]
[Site "Tauranga"]
[Date "2020.01.18"]
[Round "5"]
[White "Ker, Anthony F"]
[Black "Garbett, Paul Anthony"]
[Result "1-0"]
[WhiteElo "2302"]
[BlackElo "2185"]
[PlyCount "47"]
[EventDate "2020.01.14"]
[EventType "swiss"]
[EventRounds "9"]
[EventCountry "NZL"]
[SourceTitle "CBM 194 Extra"]
[Source "ChessBase"]
[SourceDate "2020.03.31"]
[SourceVersion "1"]
[SourceVersionDate "2020.03.31"]
[SourceQuality "1"]

1. e4 c5 2. Nc3 e6 3. f4 d5 4. Nf3 dxe4 5. Bb5+ Bd7 6. Bxd7+ Nxd7 7. Nxe4 Qc7 8. d3 Ngf6 9. Qe2 Be7 10. 0-0 0-0 11. b3 Nxe4 12. dxe4 c4 13. Be3 Nf6 14. e5 Nd5 15. Kh1 Rfc8 16. Nd4 cxb3 17. cxb3 a6 18. Bg1 g6 19. Qg4 h5 20. Qf3 Qc3 21. Qe4 Qd2 22. Nxe6 fxe6 23. Qxg6+ Kf8 24. f5 1-0

[Event "Auckland Stuart Memorial op"]
[Site "Auckland"]
[Date "2019.08.25"]
[Round "4"]
[White "Steadman, Michael VR"]
[Black "Garbett, Paul Anthony"]
[Result "0-1"]
[WhiteElo "2251"]
[BlackElo "2156"]
[PlyCount "94"]
[EventDate "2019.08.24"]
[EventType "swiss"]
[EventRounds "5"]
[EventCountry "NZL"]
[SourceTitle "EXT 2023"]
[Source "ChessBase"]
[SourceDate "2022.10.05"]
[SourceVersion "1"]
[SourceVersionDate "2022.10.05"]
[SourceQuality "1"]

1. e4 c5 2. Nf3 Nc6 3. d4 cxd4 4. Nxd4 Nf6 5. Nc3 d6 6. g3 e6 7. Bg2 Bd7 8. 0-0 Be7 9. Nde2 0-0 10. h3 a6 11. a4 Qc7 12. b3 Rab8 13. Bb2 Nb4 14. Qd2 Rfd8 15. Nd4 Nc6 16. Nde2 Nb4 17. Nd4 Nc6 18. Nce2 e5 19. Nf5 Bxf5 20. exf5 d5 21. f4 Ne4 22. Qc1 Bc5+ 23. Kh2 Nd4 24. Nxd4 Bxd4 25. fxe5 Bxe5 26. Bxe5 Qxe5 27. Qf4 Qc3 28. Rac1 Rbc8 29. Rfd1 h6 30. Rd3 Qb2 31. c4 Nc5 32. Rxd5 Re8 33. f6 Re2 34. Rg1 Qxf6 35. Qxf6 gxf6 36. b4 Nxa4 37. c5 Rb2 38. Rd4 a5 39. Ra1 Re8 40. Kg1 Nc3 41. Rg4+ Kf8 42. Bxb7 f5 43. Rc4 Ne2+ 44. Kf2 axb4 45. g4 f4 46. c6 Nd4+ 47. Kf1 Nc2 0-1

[Event "Auckland Stuart Memorial op"]
[Site "Auckland"]
[Date "2019.08.24"]
[Round "2"]
[White "Garbett, Paul Anthony"]
[Black "Hague, Ben"]
[Result "1/2-1/2"]
[WhiteElo "2156"]
[BlackElo "2394"]
[PlyCount "149"]
[EventDate "2019.08.24"]
[EventType "swiss"]
[EventRounds "5"]
[EventCountry "NZL"]
[SourceTitle "EXT 2023"]
[Source "ChessBase"]
[SourceDate "2022.10.05"]
[SourceVersion "1"]
[SourceVersionDate "2022.10.05"]
[SourceQuality "1"]

1. e4 c5 2. Nf3 Nc6 3. Bb5 d6 4. 0-0 Bd7 5. Re1 Nf6 6. c3 a6 7. Bf1 Bg4 8. h3 Bxf3 9. Qxf3 e6 10. d3 Be7 11. Nd2 0-0 12. Qd1 Nd7 13. g3 Rc8 14. f4 b5 15. a3 a5 16. Nf3 b4 17. axb4 axb4 18. d4 bxc3 19. bxc3 cxd4 20. cxd4 Nb4 21. Rb1 d5 22. e5 Na2 23. Bd2 Nc3 24. Bxc3 Rxc3 25. Rb3 Qc7 26. Bd3 g6 27. Rxc3 Qxc3 28. Qc2 Qxc2 29. Bxc2 Rc8 30. Re2 Rc3 31. Kf2 Nb6 32. Bb1 Rb3 33. Ba2 Ra3 34. Bb1 Nc4 35. Ba2 Nb6 36. Bb1 h6 37. Re3 Ra1 38. Rb3 Nc4 39. Ke2 Na3 40. Nd2 Nxb1 41. Rxb1 Ra4 42. Kd3 Bb4 43. Nb3 Ra3 44. g4 Kg7 45. Rb2 Be1 46. Rb1 Bg3 47. Ke3 Ra2 48. Nc1 Rh2 49. Kf3 Bh4 50. Rb3 Rh1 51. Nd3 Rxh3+ 52. Ke2 Be7 53. f5 exf5 54. gxf5 gxf5 55. Rb7 Bg5 56. Nc5 Kg6 57. Rd7 f4 58. Rd6+ Kh5 59. Rxd5 f3+ 60. Kd3 Kg4 61. Rd7 f5 62. exf6 Bxf6 63. Ne4 Bh4 64. Rg7+ Kf5 65. Rf7+ Kg6 66. Rf4 Bg5 67. Nf2 Rg3 68. Rf8 h5 69. Ke4 Bf6 70. Kf4 Rg5 71. Rg8+ Kh6 72. Rxg5 Bxg5+ 73. Kxf3 Kg6 74. Nh3 Bh6 75. Nf4+ 1/2-1/2

[Event "Oceania & NZL-ch Seniors"]
[Site "Auckland"]
[Date "2019.07.14"]
[Round "5"]
[White "Smith, Robert Wayne"]
[Black "Garbett, Paul Anthony"]
[Result "1/2-1/2"]
[WhiteElo "2171"]
[BlackElo "2190"]
[PlyCount "58"]
[EventDate "2019.07.12"]
[EventType "swiss"]
[EventRounds "6"]
[EventCountry "NZL"]
[SourceTitle "EXT 2023"]
[Source "ChessBase"]
[SourceDate "2022.10.05"]
[SourceVersion "1"]
[SourceVersionDate "2022.10.05"]
[SourceQuality "1"]

1. Nf3 Nf6 2. c4 e6 3. g3 d5 4. d4 Bb4+ 5. Bd2 Bd6 6. Nc3 c6 7. Bg2 0-0 8. 0-0 Nbd7 9. Qb3 dxc4 10. Qxc4 e5 11. Rad1 Qe7 12. Bg5 h6 13. Bxf6 Nxf6 14. dxe5 Bxe5 15. Nxe5 Qxe5 16. Qd4 Qh5 17. Ne4 Nxe4 18. Qxe4 Qb5 19. Qc2 Be6 20. b3 a5 21. Rd4 c5 22. Qd3 Qxd3 23. Rxd3 c4 24. bxc4 Bxc4 25. Ra3 Ra7 26. Rb1 b5 27. e3 Rb8 28. Bf1 Bxf1 29. Kxf1 Kf8 1/2-1/2

[Event "Henderson Trusts op 42nd"]
[Site "Henderson"]
[Date "2019.06.03"]
[Round "5"]
[White "Cilia Vincenti, David"]
[Black "Garbett, Paul Anthony"]
[Result "1-0"]
[WhiteElo "2044"]
[BlackElo "2222"]
[PlyCount "114"]
[EventDate "2019.06.01"]
[EventType "swiss"]
[EventRounds "6"]
[EventCountry "NZL"]
[SourceTitle "EXT 2020"]
[Source "ChessBase"]
[SourceDate "2019.10.17"]
[SourceVersion "1"]
[SourceVersionDate "2019.10.17"]
[SourceQuality "1"]

1. d4 Nf6 2. Bf4 d5 3. e3 e6 4. Nd2 Bd6 5. Bg3 b6 6. Ngf3 0-0 7. c3 Bb7 8. Bd3 Ne4 9. Qc2 f5 10. Bxd6 cxd6 11. 0-0 Nd7 12. c4 Ndf6 13. cxd5 Bxd5 14. Rac1 Qe8 15. Bc4 Rc8 16. Qd3 Qc6 17. Bxd5 Qxd5 18. Qa6 Rxc1 19. Rxc1 Nxd2 20. Nxd2 f4 21. h3 fxe3 22. fxe3 Qg5 23. Qe2 Nd5 24. Ne4 Qxe3+ 25. Qxe3 Nxe3 26. Nxd6 Nd5 27. Nc8 Rf4 28. Re1 Kf7 29. Rf1 Rxf1+ 30. Kxf1 a6 31. Ke2 Ke8 32. Nd6+ Ke7 33. Nc4 b5 34. Ne5 Kd6 35. Nd3 a5 36. Nc5 a4 37. Kf3 Nf6 38. Ke3 Kd5 39. Nd3 Kc4 40. Ne5+ Kd5 41. Nd3 g5 42. b3 Kd6 43. bxa4 bxa4 44. Nc5 a3 45. Kd3 Kd5 46. Na4 Nh5 47. Nc3+ Kc6 48. Ke4 Nf4 49. h4 h6 50. hxg5 hxg5 51. g4 Nh3 52. Nb1 Nf2+ 53. Kf3 Nd1 54. Nxa3 Nc3 55. Nc2 Nxa2 56. Ke4 Kd6 57. Ne3 Nc3+ 1-0

[Event "NZL-ch op 126th"]
[Site "Auckland"]
[Date "2019.01.19"]
[Round "6"]
[White "Papin, Vasily"]
[Black "Garbett, Paul Anthony"]
[Result "1/2-1/2"]
[WhiteElo "2491"]
[BlackElo "2160"]
[PlyCount "40"]
[EventDate "2019.01.14"]
[EventType "swiss"]
[EventRounds "9"]
[EventCountry "NZL"]
[SourceTitle "CBM 188 Extra"]
[Source "ChessBase"]
[SourceDate "2019.02.26"]
[SourceVersion "1"]
[SourceVersionDate "2019.02.26"]
[SourceQuality "1"]

1. d4 Nf6 2. c4 e6 3. Nf3 d5 4. Nc3 Be7 5. Qc2 0-0 6. Bg5 Ne4 7. Bxe7 Qxe7 8. Rc1 c6 9. e3 Nxc3 10. Qxc3 Nd7 11. cxd5 exd5 12. Bd3 a5 13. 0-0 Nf6 14. Nd2 Ne4 15. Bxe4 dxe4 16. a4 Re8 17. Nc4 Bg4 18. Rc2 Qg5 19. Kh1 Qh5 20. Ne5 Be6 1/2-1/2

[Event "NZL-ch op 126th"]
[Site "Auckland"]
[Date "2019.01.15"]
[Round "2"]
[White "Johansen, Darryl Keith"]
[Black "Garbett, Paul Anthony"]
[Result "1/2-1/2"]
[WhiteElo "2345"]
[BlackElo "2160"]
[PlyCount "27"]
[EventDate "2019.01.14"]
[EventType "swiss"]
[EventRounds "9"]
[EventCountry "NZL"]
[SourceTitle "CBM 188 Extra"]
[Source "ChessBase"]
[SourceDate "2019.02.26"]
[SourceVersion "1"]
[SourceVersionDate "2019.02.26"]
[SourceQuality "1"]

1. Nf3 Nf6 2. c4 e6 3. Nc3 d5 4. d4 Be7 5. Bf4 0-0 6. e3 b6 7. cxd5 Nxd5 8. Nxd5 exd5 9. Bd3 c5 10. 0-0 Nc6 11. dxc5 bxc5 12. Rc1 Be6 13. Ne5 Nxe5 14. Bxe5 1/2-1/2

[Event "George Trundle IM"]
[Site "Auckland"]
[Date "2019.01.09"]
[Round "6"]
[White "Garbett, Paul Anthony"]
[Black "Johansen, Darryl Keith"]
[Result "1/2-1/2"]
[WhiteElo "2160"]
[BlackElo "2345"]
[PlyCount "62"]
[EventDate "2019.01.04"]
[EventType "tourn"]
[EventRounds "9"]
[EventCountry "NZL"]
[EventCategory "4"]
[SourceTitle "CBM 188 Extra"]
[Source "ChessBase"]
[SourceDate "2019.02.26"]
[SourceVersion "1"]
[SourceVersionDate "2019.02.26"]
[SourceQuality "1"]

1. e4 c5 2. Nf3 e6 3. d4 cxd4 4. Nxd4 Nc6 5. Nc3 d6 6. g3 Nf6 7. Bg2 Bd7 8. 0-0 Be7 9. Nb3 0-0 10. Qe2 a6 11. a4 Qc7 12. f4 Na5 13. Nxa5 Qxa5 14. Bd2 Qc7 15. Kh1 Bc6 16. f5 exf5 17. exf5 d5 18. Bf4 Bd6 19. Qd2 Rfe8 20. Qd4 Bxf4 21. Rxf4 Re5 22. b4 Ne4 23. Raf1 Rae8 24. Bxe4 dxe4 25. Qe3 f6 26. Rd1 Rd8 27. Rxd8+ Qxd8 28. b5 axb5 29. axb5 Bxb5 30. Nxb5 Rxb5 31. Qxe4 h6 1/2-1/2

[Event "George Trundle Masters"]
[Site "Auckland"]
[Date "2018.07.14"]
[Round "8"]
[White "Lane, Gary William"]
[Black "Garbett, Paul Anthony"]
[Result "0-1"]
[WhiteElo "2385"]
[BlackElo "2197"]
[PlyCount "94"]
[EventDate "2018.07.07"]
[EventType "tourn"]
[EventRounds "9"]
[EventCountry "NZL"]
[EventCategory "2"]
[SourceTitle "EXT 2019"]
[Source "ChessBase"]
[SourceDate "2018.10.10"]
[SourceVersion "1"]
[SourceVersionDate "2018.10.10"]
[SourceQuality "1"]

1. e4 c5 2. Nf3 d6 3. d4 cxd4 4. Qxd4 a6 5. h3 Nc6 6. Qe3 Nf6 7. c4 e6 8. Be2 Be7 9. 0-0 0-0 10. Nc3 Qc7 11. Rd1 b6 12. b3 Bb7 13. Bb2 Nb8 14. Nd4 Nbd7 15. f4 g6 16. Kh1 Rfe8 17. Bf3 Rab8 18. Rac1 Bf8 19. Nde2 Qc5 20. Qd2 Qf2 21. Rf1 Qh4 22. Kh2 e5 23. g3 Qh6 24. Nd5 Bxd5 25. exd5 Bg7 26. Bg2 exf4 27. Nxf4 Ng4+ 28. Kg1 Bxb2 29. Qxb2 Ne3 30. Rfe1 Nxg2 31. Kxg2 Qg7 32. Qf2 Nc5 33. b4 Ne4 34. Qc2 Qd4 35. Re2 Nxg3 36. Rf2 Nf5 37. Kh2 Rbc8 38. Qd2 Qxd2 39. Rxd2 Re4 40. Ne2 Rexc4 41. Rxc4 Rxc4 42. a3 Kg7 43. Kg2 Kf6 44. Kf2 Ke5 45. Ng1 Nd4 46. Rd3 f5 47. Ke3 f4+ 0-1